00539nam a2200157Ia 4500008004100000020001800041050001800059082001700077100002400094245008000118260006500198300001100263440003100274500001300305650006300318130818s9999 xx 000 0 und d a968-16-5658-X aQ173 P46 1998 a501.09 P438e aPérez Tamayo, Ruy a¿Existe el método científico? : historia y realidad / Ruy Perez Tamayo aMéxico : SEP, Fondo de Cultura Economica, Colegio Nacional a297 p. aLa Ciencia para todos; 161 aÍndice a1. CIENCIA--METODOLOGIA-HISTORIA \ 2. CIENCIA-FILOSOFIAÌ